|
|
|
|
| LEADER |
00000nam0a2200000 4500 |
| 001 |
297268 |
| 005 |
20231102001006.0 |
| 035 |
|
|
|a (RuTPU)RU\TPU\book\322401
|
| 090 |
|
|
|a 297268
|
| 100 |
|
|
|a 20150606d1984 km y0rusy50 ca
|
| 101 |
0 |
|
|a rus
|
| 102 |
|
|
|a RU
|
| 105 |
|
|
|a y z 001zy
|
| 200 |
1 |
|
|a Оптимизация управления предприятием (объединением)
|f В. Н. Андреев, Н. Б. Мироносецкий
|g Академия наук СССР (АН СССР), Сибирское отделение (СО), Институт экономики и организации промышленного производства (ИЭОПП) ; под ред. В. Л. Макарова
|
| 210 |
|
|
|a Новосибирск
|c Наука
|d 1984
|
| 215 |
|
|
|a 215 с.
|
| 320 |
|
|
|a Библиогр.: с. 210-213
|
| 606 |
1 |
|
|a Промышленные предприятия
|x Управление
|x Моделирование
|2 stltpush
|3 (RuTPU)RU\TPU\subj\52702
|9 71105
|
| 610 |
1 |
|
|a оптимизация
|
| 610 |
1 |
|
|a подсистемы
|
| 610 |
1 |
|
|a прогнозирование
|
| 610 |
1 |
|
|a экономические оценки
|
| 610 |
1 |
|
|a оптимизационные модели
|
| 610 |
1 |
|
|a неопределенность
|
| 675 |
|
|
|a 658.012
|v 4
|
| 700 |
|
1 |
|a Андреев
|b В. Н.
|g Валерий николаевич
|
| 701 |
|
1 |
|a Мироносецкий
|b Н. Б.
|g Николай Борисович
|
| 702 |
|
1 |
|a Макаров
|b В. Л.
|4 340
|
| 712 |
0 |
2 |
|a Академия наук СССР (АН СССР)
|b Сибирское отделение (СО)
|b Институт экономики и организации промышленного производства (ИЭОПП)
|c (Новосибирск)
|2 stltpush
|3 (RuTPU)RU\TPU\col\12174
|
| 801 |
|
1 |
|a RU
|b 63413507
|c 20150606
|
| 801 |
|
2 |
|a RU
|b 63413507
|c 20190204
|g RCR
|
| 942 |
|
|
|c BK
|